00557nam a2200133 a 4500008004100000050001700041100001900058245014200077260000900219300000900228350000900237500012400246650005300370091207s2000 xx |||||||||||||| || u aUNZA-HSS(02) aSheba, Mwala K13aAn evaluation of the FINNIDA Education Sector Support Programme (ESSP): a case study of the Copperbelt and University of Zambia libraries c2000 a55p. a0.00 aProject report submitted in partial fulfilment for the award of the Bachelor of Arts degree of the University of Zambia aZAMBIA EDUCATION SECTOR SUPPORT PROGRAMME (ESSP)